000 00308nam a22001337a 4500
008 170818b xxu||||| |||| 00| 0 eng d
020 _a9780130455161
041 _aeng
080 _22ND
_a51
100 _a37
101 _aMAT
245 _aCALCULUS FOR BIOLOGY AND MEDICINE
_cNEUHAUSER,C
942 _2udc
_cBK
999 _c24080
_d24080